The vision / (Record no. 136959)
[ view plain ]
| 000 -LEADER | |
|---|---|
| fixed length control field | 00531nam a22001937a 4500 |
| 010 ## - LIBRARY OF CONGRESS CONTROL NUMBER | |
| LC control number | A-805952 |
| 020 ## - INTERNATIONAL STANDARD BOOK NUMBER | |
| Terms of availability | 110.00 |
| 035 ## - SYSTEM CONTROL NUMBER | |
| System control number | A-805952 |
| 037 ## - SOURCE OF ACQUISITION | |
| Source of stock number/acquisition | Cen Lib / Ret |
| 040 ## - CATALOGING SOURCE | |
| Original cataloging agency | DPL |
| Language of cataloging | EN |
| 082 ## - DEWEY DECIMAL CLASSIFICATION NUMBER | |
| Classification number | 181.041 |
| Item number | BHO |
| 100 ## - MAIN ENTRY--PERSONAL NAME | |
| Personal name | Bhowmick, Paritosh |
| 245 ## - TITLE STATEMENT | |
| Title | The vision / |
| Statement of responsibility, etc | by Paritosh Bhowmick |
| 260 ## - PUBLICATION, DISTRIBUTION, ETC. (IMPRINT) | |
| Place of publication, distribution, etc | Calcutta |
| Name of publisher, distributor, etc | Pelican Press |
| Date of publication, distribution, etc | 1995 |
| 270 ## - ADDRESS | |
| Address | 85, Bepin Behari Ganguly Street |
| City | Calcutta |
| Postal code | 700012 |
| 300 ## - PHYSICAL DESCRIPTION | |
| Extent | 154p ; |
| Dimensions | 24cm(Hb) |
| 650 ## - SUBJECT ADDED ENTRY--TOPICAL TERM | |
| Topical term or geographic name as entry element | Philosophy |
| 942 ## - ADDED ENTRY ELEMENTS (KOHA) | |
| Source of classification or shelving scheme | Dewey Decimal Classification |
| Koha item type | English Books |
| Classification part | 181.041 |
| Call number suffix | BHO |
| Withdrawn status | Lost status | Damaged status | Not for loan | Home library | Current library | Date acquired | Source of acquisition | Cost, normal purchase price | Total Checkouts | Full call number | Barcode | Date last seen | Copy number | Price effective from | Koha item type | Public note |
|---|---|---|---|---|---|---|---|---|---|---|---|---|---|---|---|---|
| Written off | Central Library | Central Library | 12/03/2016 | Cen Lib/Ret | 110.00 | 181.041 BHO | A-805952 | 12/03/2016 | 1 | 12/03/2016 | English Books | W/d list no. 6806/18 |
